| 000 | 00751nam a2200205Ia 4500 | ||
|---|---|---|---|
| 001 | 5320 | ||
| 003 | GE_BSU | ||
| 008 | 181216s||||||||xx |||||||||||||| ||und|| | ||
| 040 | _cGE_BSU | ||
| 080 | _a519.6(075.8)+510.6(075.8) | ||
| 100 | _aГаврилов, Г.П; Сапоженко .А.А; | ||
| 245 | _aСборник задач по дискретной математике | ||
| 245 | _bУчебное пособие для студ. вузов , обучающихсия по спец. ,,Приклодная математика | ||
| 260 | _aМосква | ||
| 260 | _b.. Наука, | ||
| 260 | _c1977 | ||
| 300 | _a367 с 21 см. | ||
| 653 | _aСборник задач по дискретной математике | ||
| 942 | _cBK | ||
| 999 |
_c38902 _d38902 |
||